|
|
|
|
| LEADER |
00000nam0a2200000 4500 |
| 001 |
123355 |
| 005 |
20231031130442.0 |
| 020 |
|
|
|a RU
|b 84-16265
|
| 035 |
|
|
|a (RuTPU)RU\TPU\book\133532
|
| 090 |
|
|
|a 123355
|
| 100 |
|
|
|a 20071016d1984 k a0rusy5003 ca
|
| 101 |
0 |
|
|a rus
|
| 102 |
|
|
|a RU
|
| 105 |
|
|
|a a z 001zy
|
| 200 |
1 |
|
|a Тропосферная связь
|f Л. И. Яковлев [и др.]
|
| 210 |
|
|
|a Москва
|c Воениздат
|d 1984
|
| 215 |
|
|
|a 256 с.
|c ил., карт.
|
| 320 |
|
|
|a Библиогр.: с. 254.
|
| 610 |
1 |
|
|a тропосферная связь
|
| 610 |
1 |
|
|a дальняя радиосвязь
|
| 610 |
1 |
|
|a тропосферные станции
|
| 610 |
1 |
|
|a зарубежные страны
|
| 675 |
|
|
|a 621.396.2
|z rus
|
| 701 |
|
1 |
|a Яковлев
|b Л. И.
|g Леонид Иванович
|
| 701 |
|
1 |
|a Дедюкин
|b Г. В.
|g Герольд Васильевич
|
| 701 |
|
1 |
|a Каграманов
|b Э. С.
|g Эдуард Семенович
|
| 701 |
|
1 |
|a Редин
|b А. П.
|g Александр Павлович
|
| 701 |
|
1 |
|a Стутон
|b П. И.
|g Петр Иванович
|
| 701 |
|
1 |
|a Цыбулькин
|b Л. Д.
|g Леонид Давыдович
|
| 801 |
|
2 |
|a RU
|b 63413507
|c 20080512
|g PSBO
|
| 942 |
|
|
|c BK
|